Tvorba a použitie peňažných fondov v podmienkach územnej samosprávy
Oprávnenie obce vytvárať si peňažné fondy na plnenie svojich úloh. Výklad zákona č. 583/2004 o rozpočtových pravidlách. Zdroje peňažných fondov. Rezervný fond. Použitie prostriedkov rezervného fondu na bežné výdavky. Použitie prostriedkov rezervného fondu na kapitálové výdavky. Použitie prostriedkov...
Saved in:
| Main Author: | |
|---|---|
| Format: | Book Chapter |
| Language: | Slovak |
| Subjects: | |
| Tags: |
No Tags, Be the first to tag this record!
|
MARC
| LEADER | 00000naa a2200000 4500 | ||
|---|---|---|---|
| 001 | 0254544 | ||
| 005 | 20190604113102.1 | ||
| 041 | 0 | |a slo | |
| 044 | |a SK | ||
| 245 | 1 | 0 | |a Tvorba a použitie peňažných fondov v podmienkach územnej samosprávy |c Ingrid Konečná Veverková |
| 520 | |a Oprávnenie obce vytvárať si peňažné fondy na plnenie svojich úloh. Výklad zákona č. 583/2004 o rozpočtových pravidlách. Zdroje peňažných fondov. Rezervný fond. Použitie prostriedkov rezervného fondu na bežné výdavky. Použitie prostriedkov rezervného fondu na kapitálové výdavky. Použitie prostriedkov rezervného fondu na splátky zdrojov financovania. | ||
| 610 | 2 | 0 | |a komunikácia |
| 610 | 2 | 0 | |a obce |
| 610 | 2 | 0 | |a samospráva |
| 610 | 2 | 0 | |a zastupiteľstvá obecné |
| 610 | 2 | 0 | |a fond rezervný |
| 610 | 2 | 0 | |a prostriedky peňažné |
| 100 | 1 | |a Konečná Veverková, Ingrid | |